000
00318nam a22001457a 4500
008
210428b ||||| |||| 00| 0 eng d
020
_a
9781323421574
041
_a
eng
080
_2
2nd
_a
510
082
_a
510
100
_a
36
101
_a
MAT
245
_a
Finite Mathematics
_c
Margaret L.Lial
942
_2
udc
_c
BK
999
_c
56879
_d
56879